000 00485nam a2200181Ia 4500
008 090124s9999 xx 000 0 und d
082 _b42923
100 _aसाने शुभदा
245 _a तरंग
250 _a1
260 _bसानिया पब्लिकेशन
_c2005
300 _a143
600 _aसाने शुभदा
630 _a तरंग
700 _aसाने शुभदा
730 _a तरंग
942 _cBOOK
999 _c109144
_d109144